Größte Städte in Rheinland-Pfalz A-Z - Statistiken

Allgemein
  • Dieses Quiz wurde 320 mal gespielt
  • Das Durchschnittsergebnis liegt bei 12 aus 22
Antwortstatistiken
# Einwohner Stadt % Korrekt
M 224.684 Mainz
98%
K 113.378 Koblenz
96%
T 104.342 Trier
95%
L 177.222 Ludwigshafen am Rhein
92%
W 86.753 Worms
82%
S 49.564 Speyer
78%
P 39.761 Pirmasens
74%
Z 33.323 Zweibrücken
70%
F 48.140 Frankenthal (Pfalz)
69%
N 67.083 Neuwied
68%
B 54.168 Bad Kreuznach
60%
C 4.946 Cochem
60%
I 35.016 Ingelheim am Rhein
58%
A 30.039 Andernach
56%
G 21.715 Germersheim
54%
R 17.603 Remagen
29%
D 11.428 Diez
20%
V 9.062 Vallendar
16%
U 5.051 Unkel
13%
E 9.137 Eisenberg (Pfalz)
9%
O 9.650 Osthofen
9%
H 9.415 Höhr-Grenzhausen
4%
Keine übereinstimmenden Quizze gefunden
Verteilung der Resultate
Anzahl Personen mit jedem Resultat
Perzentil nach korrekt beantworteten Fragen
Ihre Resultats-Entwicklung
Sie haben dieses Quiz noch nicht gespielt